000 00701nam a2200217 i 4500
001 26316
003 ES-MaACL
005 20231227062627.0
007 t|
008 030108s1925 sp b ||||1| spa d
080 _a012(Menéndez)
100 1 _aArteta y Errasti, Germán.
_9155925
245 1 0 _aBibliografía de D. Ramón Menéndez Pidal /
_cGermán Arteta y Errasti.
260 _aMadrid :
_bLibrería y Casa Editorial Hernando,
_c1925.
300 _a20 p. ;
_c26 cm.
490 1 _aHomenaje a Menéndez Pidal ;
_v3
600 1 4 _aMenéndez Pidal, Ramón,
_d1869-1968
_980315
830 0 _aHomenaje a Menéndez Pidal ;
_v3
_9184845
852 _aES-MaACL
_j1698-F-8
999 _c26316
_d26316